00536nam a22001697a 450000500170000001000150001702000260003203500130005803700130007108200190008410000280010324500740013126000430020527000540024830000240030250000400032620150615154037.0 aENG-113001 a9788170545040c600.00 aEN-96533 bDBAD/PUB a378.0087095487 aBheemsha, Kawale Laxman aSchedule caste youth in higher education /cby Kawale Laxman Bheemsha aNew DelhibClassical Publishing c2012 a28- Shopping Centre, KarampurabNew Delhie110015 axii,271p.c22cm(Hb) aIncludes bibliographical references